000
00301 a2200157 4500
001
170918
020
_a
040
_c
Magnum
100
_a
Tambaiolli Neto, Egidio
240
1
0
_a
A jacana
_l
por
245
1
0
_a
A jacana
362
0
_a
1899
440
1
_a
FTD
697
_a
PARADIDATICO
942
_c
BK
999
_c
170918
_d
170918